Sports Quiz

Random Sports or Baseball Quiz
Score 0/107 Timer 13:00
0 Plays Today
% Correct
Florida State
100%
Arkansas
100%
Texas
100%
Miami (FL)
100%
Florida
100%
Rice
100%
Houston
100%
Texas A&M
100%
Clemson
100%
Tulane
100%
Stanford
100%
Washington
100%
Georgia Tech
100%
Missouri
100%
Florida State
100%
Texas
100%
Miami (FL)
100%
Rice
100%
Houston
100%
Stanford
100%
Texas
100%
Rice
100%
Miami (FL)
100%
Stanford
100%
Rice
100%
Miami (FL)
100%
Texas
100%
Stanford
100%
Rice
100%
Stanford
100%
Rice
100%
Florida State
100%
Georgia Tech
100%
Rice
100%
Stanford
100%
Miami (FL)
100%
% Correct
Florida Atlantic
83.3%
NC State
83.3%
Ole Miss
83.3%
Wichita State
83.3%
Alabama
83.3%
Auburn
83.3%
Coastal Carolina
83.3%
Nebraska
83.3%
LSU
83.3%
Cal State Fullerton
83.3%
Arizona State
83.3%
New Mexico State
83.3%
Minnesota
83.3%
South Carolina
83.3%
Stetson
83.3%
Arizona
83.3%
North Carolina
83.3%
Mississippi State
83.3%
NC State
83.3%
LSU
83.3%
Cal State Fullerton
83.3%
Arizona State
83.3%
South Carolina
83.3%
North Carolina
83.3%
LSU
83.3%
Cal State Fullerton
83.3%
South Carolina
83.3%
LSU
83.3%
South Carolina
83.3%
Cal State Fullerton
83.3%
LSU
83.3%
Auburn
83.3%
Cal State Fullerton
83.3%
Jacksonville
66.7%
Rutgers
66.7%
Bucknell
66.7%
% Correct
Princeton
66.7%
Ohio State
66.7%
Southwest Missouri State
66.7%
Baylor
66.7%
Southern
66.7%
Southern Miss
66.7%
San Diego
66.7%
Notre Dame
66.7%
UNLV
66.7%
UIC
66.7%
UC Riverside
66.7%
Long Beach State
66.7%
Pepperdine
66.7%
East Carolina
66.7%
Eastern Michigan
66.7%
Middle Tennessee
66.7%
Ohio State
66.7%
Southwest Missouri State
66.7%
Baylor
66.7%
Long Beach State
66.7%
Southwest Missouri State
66.7%
Southwest Missouri State
66.7%
South Alabama
50%
Lamar
50%
Bethune-Cookman
50%
Western Carolina
50%
McNeese State
50%
Oral Roberts
50%
UNC Wilmington
50%
Northeastern
50%
Murray State
50%
Central Connecticut State
50%
Le Moyne
33.3%
VCU
33.3%
Richmond
33.3%
Remove Ads.
Support Sporcle.
Get the best of Sporcle when you Go Orange. This ad-free experience offers more features, more stats, and more fun while also helping to support Sporcle. Thank you for becoming a member.

You're not logged in!

Compare scores with friends on all Sporcle quizzes.
OR
Log In

Sporcle TV

Today on Sporcle TV


Watch our educational content, quiz creation guides, and fun videos on Sporcle TV.

Show Comments

Extras

Created May 9, 2020SourceReportNominateIcon Source: Wikipedia
Tags:Baseball Quiz, NCAA Quiz

Top Quizzes Today


Score Distribution

Paid Content

Your Account Isn't Verified!

In order to create a playlist on Sporcle, you need to verify the email address you used during registration. Go to your Sporcle Settings to finish the process.

Report this User

Report this user for behavior that violates our Community Guidelines.

Details: